|
|
|
|
| LEADER |
00000nab a2200000 ar4500 |
| 001 |
vtls009003704 |
| 003 |
SK-MaSNL |
| 005 |
20260319071300.0 |
| 008 |
070607c2007 xo |||||||| 000 b|hun |
| 015 |
|
|
|a SNBRB2007/06
|2 snkbucl
|
| 038 |
|
|
|a SNKBUCL
|
| 040 |
|
|
|a DSZK
|b slo
|c DSZK
|e AACR2
|
| 041 |
0 |
|
|a hun
|
| 044 |
|
|
|a xo
|c SK
|
| 080 |
|
|
|a 22:06.063:373.3/.6
|x (=511.141)
|x (437.6)
|2 1997
|
| 080 |
|
|
|a 373.3/.6
|x (=511.141)
|x (437.6)
|2 1997
|
| 100 |
1 |
|
|a Molnár, Tamás
|4 aut
|9 577699
|
| 245 |
1 |
0 |
|a Bibliaverseny 2007
|c Molnár Tamás
|
| 300 |
|
|
|b Fotogr.
|
| 610 |
2 |
7 |
|a Biblická súťaž
|n (13. :
|d 2007 :
|c Dunajská Streda a Kolárovo, Slovensko)
|2 snkbucl
|9 1065862
|
| 648 |
|
7 |
|a 13.4.2007
|2 snkbucl
|9 316047
|
| 648 |
|
7 |
|a 18.4.2007
|2 snkbucl
|9 1065863
|
| 648 |
|
7 |
|a 2007
|2 snkbucl
|9 313226
|
| 650 |
0 |
7 |
|a biblické súťaže
|2 snkbucl
|9 1047722
|
| 651 |
|
7 |
|a Dunajská Streda (Slovensko)
|2 snkbucl
|9 17375
|
| 651 |
|
7 |
|a Kolárovo (Slovensko)
|2 snkbucl
|9 19149
|
| 773 |
0 |
|
|t Remény
|g Évf. XVIII, sz. 19 (2007), o. 9
|x 1335-6534
|
| 852 |
|
|
|a SNK
|b KIS3GCP
|
| 852 |
|
|
|a DSZK
|b KIS3GCP
|
| 958 |
|
|
|a HU
|
| 958 |
|
|
|a SK
|
| 958 |
|
|
|a NT
|
| 999 |
|
|
|c 1751826
|d 1753756
|